Puppies for sale, and other inspirational tales : (Record no. 1308)

MARC details
000 -LEADER
fixed length control field 01370cam a2200325 a 4500
005 - DATE AND TIME OF LATEST TRANSACTION
control field 20260322212055.0
008 - FIXED-LENGTH DATA ELEMENTS--GENERAL INFORMATION
fixed length control field data
010 ## - LIBRARY OF CONGRESS CONTROL NUMBER
LC control number 97036047
020 ## - INTERNATIONAL STANDARD BOOK NUMBER
International Standard Book Number 1558744525 (trade paper)
020 ## - INTERNATIONAL STANDARD BOOK NUMBER
International Standard Book Number 155874469X (hardcover)
020 ## - INTERNATIONAL STANDARD BOOK NUMBER
International Standard Book Number 9781558744523 (trade paper)
020 ## - INTERNATIONAL STANDARD BOOK NUMBER
International Standard Book Number 9781558744691 (hardcover)
040 ## - CATALOGING SOURCE
Original cataloging agency DLC
Transcribing agency DLC
Modifying agency DLC
050 00 - LIBRARY OF CONGRESS CALL NUMBER
Classification number BJ1597
Item number .C57 1997
082 00 - DEWEY DECIMAL CLASSIFICATION NUMBER
Classification number 814/.54
Edition information 21
092 ## - LOCALLY ASSIGNED DEWEY CALL NUMBER (OCLC)
Classification number 814 Cla 1997
001 - CONTROL NUMBER
control field data
100 1# - MAIN ENTRY--PERSONAL NAME
Personal name Clark, Dan,
Dates associated with a name 1955-
245 10 - TITLE STATEMENT
Title Puppies for sale, and other inspirational tales :
Remainder of title a "litter" of stories & anecdotes that hug the heart & snuggle the soul /
Statement of responsibility, etc. Dan Clark & Michael Gale.
260 ## - PUBLICATION, DISTRIBUTION, ETC.
Place of publication, distribution, etc. Deerfield Beach, Fla. :
Name of publisher, distributor, etc. Health Communications,
Date of publication, distribution, etc. c1997.
300 ## - PHYSICAL DESCRIPTION
Extent xvi, 336 p. :
Other physical details ill. ;
Dimensions 22 cm.
650 #0 - SUBJECT ADDED ENTRY--TOPICAL TERM
Topical term or geographic name entry element Conduct of life.
700 1# - ADDED ENTRY--PERSONAL NAME
Personal name Gale, Michael.
856 42 - ELECTRONIC LOCATION AND ACCESS
Materials specified Publisher description
Uniform Resource Identifier <a href="http://www.loc.gov/catdir/enhancements/fy0727/97036047-d.html">http://www.loc.gov/catdir/enhancements/fy0727/97036047-d.html</a>
856 41 - ELECTRONIC LOCATION AND ACCESS
Materials specified Sample text
Uniform Resource Identifier <a href="http://www.loc.gov/catdir/enhancements/fy0827/97036047-s.html">http://www.loc.gov/catdir/enhancements/fy0827/97036047-s.html</a>
906 ## - LOCAL DATA ELEMENT F, LDF (RLIN)
a 7
b cbc
c orignew
d 1
e ocip
f 19
g y-gencatlg
920 ## -
-- **LC HAS REQ'D # OF SHELF COPIES**
991 ## -
-- c-GenColl
-- BJ1597
-- .C57 1997
-- Copy 1
-- BOOKS
Holdings
Withdrawn status Lost status Damaged status Not for loan Home library Current library Shelving location Date acquired Total checkouts Full call number Barcode Date last seen Price effective from Koha item type
        Franklin Franklin General stacks 22/03/2026   814/.54 21 BC0011351 22/03/2026 22/03/2026 Books